000 01032nam a22002657a 4500
005 20240530110547.0
008 160116s2013 ua g 000 0 ara d
040 _aEG-CaGPL
082 0 4 _221
_a371.78\
_bم ت
100 0 _aمحمد على سلام .
245 1 2 _aالتربية المدرسية الصحية لمنع الاصابة بالايدز و الامراض المنقولة جنسيا /
_cترجمة محمد على سلام .
250 _aط1.
260 _aالاسكندرية :
_bالمكتب الجامعى الحديث ،
_c2013 .
300 _a116 ص ؛
_c24 سم .
504 _aيشتمل على ارجاعات ببليوجرافية
650 0 4 _aالتربية .
650 0 4 _aالعدوى و الامراض المعدية .
650 0 4 _aالايدز .
650 0 4 _aالوعى الصحى .
650 0 4 _aالصحة المدرسية .
650 0 4 _aالتعلم الصحى .
650 0 4 _aالتوجيه التربوى .
942 _2ddc
_cBK
999 _c62372
_d62372